عرض عادي عرض مارك
  • Endoscopy, Gastrointestinal

مدخل مصطلح موضوعي

عدد التسجيلات المستخدمة في: 1

001 - رقم الضبط

  • حقل الضبط: 36076

003 - معرف رقم الضبط

  • حقل الضبط: OSt

005 - تاريخ ووقت أخر عملية

  • حقل الضبط: 20130620115041.0

008 - عناصر بيانات ثابتة الطول

  • حقل تحكم ثابت الطول: 130620|||a|||||| | ||| d

040 ## - مصدر الفهرسة

  • هيئة الفهرسة الأصلية: OSt
  • وكالة الكتابة: OSt

150 ## - مدخل-- مصطلح تاريخي

  • عنصر مدخل المصطلح الموضوعي او الاسم الجغرافي: Endoscopy, Gastrointestinal
  • تفريع شكلي: Atlases.

670 ## - بيانات المصدر موجوده

  • الاستشهاد بالمصدر: Work cat.: (OSt)0: Wilcox, C. Mel. 36075, Atlas of clinical gastrointestinal endoscopy /, c2012.